Código de enjuiciamientos en materia civil con las modificaciones hechas después de su publicación
Guardat en:
| Format: | Llibre |
|---|---|
| Idioma: | espanyol |
| Publicat: |
Lima
M. A. Fuentes & B. Gil
1851
|
| Matèries: | |
| Etiquetes: |
Afegir etiqueta
Sense etiquetes, Sigues el primer a etiquetar aquest registre!
|
MARC
| LEADER | 00000nam a2200000 a 4500 | ||
|---|---|---|---|
| 001 | UCR1404 | ||
| 003 | CL-VaPUC | ||
| 008 | 971219e18510000PE |||||||||||||||||spa|d | ||
| 082 | 0 | 4 | |a 347.077 |b COD |2 21 |
| 245 | 1 | 0 | |a Código de enjuiciamientos en materia civil con las modificaciones hechas después de su publicación |
| 300 | |a 363 p | ||
| 942 | |c BK | ||
| 945 | |d 19971219 00:00:00 |a cmena | ||
| 260 | |a Lima |b M. A. Fuentes & B. Gil |c 1851 | ||
| 650 | 0 | |a Juicio civil |9 396013 | |
| 650 | 0 | |a Procedimiento civil |9 254870 | |
| 650 | 0 | |a Derecho civil |9 255013 | |
| 650 | 0 | |a Código civil |9 256135 | |
| 650 | 0 | |a Constituciones |9 255417 | |
| 650 | 0 | |a Jurisprudencia |9 255952 | |
| 651 | 0 | |a Perú |9 256567 | |
| 583 | |a last modification |c 19971219 00:00:00 |k Rodrigo Vera | ||
| 999 | |c 264806 |d 264804 | ||
| 952 | |0 0 |1 0 |4 0 |6 347_077000000000000_COD_1851 |7 0 |8 DER_HDC |9 295310 |a BIBDER |b BIBDER |d 2019-11-19 |i 1922475 |l 1 |o 347.077 COD 1851 |p 1922475 |r 2023-01-25 |s 2020-03-19 |w 2019-11-19 |x Ubicación 4to Piso |y BK_X |z Estos recursos deben solicitarse con anticipación |k DER | ||